000 00664nam a2200229 a 4500
005 20240809063757.0
008 991125s1981 bar 000 0 spa u
020 _a848588700X
035 _aUPN01000040844
049 _aCG
050 4 _aQH371 C6.5
100 1 _aCordón, Faustino
245 1 3 _aLa naturaleza del hombre a la luz de su origen biológico /
_cFaustino Cordón
260 _aBarcelona, Esp. :
_bAnthropos editorial del hombre,
_c1981
300 _a160 p
440 0 _aMonografías científicas;
_v1
650 2 _aEvolución
_94472
650 4 _aEVOLUCION HUMANA
_96969
650 4 _aNutrición
_92193
904 _aAC
_b040846
905 _aLibro
999 _c40844
_d40844